| 000 | 00691nam a2200205 i 4500 | ||
|---|---|---|---|
| 001 | 34440 | ||
| 003 | ES-MaACL | ||
| 005 | 20230906154931.0 | ||
| 007 | t| | ||
| 008 | 030207s1951 sp ||||1| cat d | ||
| 100 | 1 |
_aBonet, Juan ( _d1918-1991) _9147348 |
|
| 245 | 1 | 4 |
_aEls nins _b: (apuntes per a un tractat del vertader pare-pedaç) / _cJuan Bonet ; proleg de Miguel Arbona. |
| 260 |
_aPalma de Mallorca : _bMoll, _c1951 ( _fMiramar) |
||
| 300 |
_a126 p., 1 lám. ; _c15 cm. |
||
| 490 | 1 |
_aBiblioteca les illes d'or ; _v42 |
|
| 700 | 1 |
_aArbona Oliver, Miguel. _9169858 |
|
| 830 | 0 |
_aBiblioteca les illes d'or ; _v42 _9181514 |
|
| 852 |
_aES-MaACL _jD-6720 _bR.31140 |
||
| 999 |
_c34440 _d34440 |
||